Statistiques concernant Inde ou Chine

Cliquez ici pour prendre le quiz!

Statistiques générales

  • Ce quiz a été pris 233 fois
  • Le résultat moyen est 7 sur 10

Statistiques - réponses

QuestionRéponse% Correct
Celui ayant le plus haut taux de chômageInde
95%
Celui étant le plus proche du CanadaChine
93%
Celui ayant le plus d'analphabètesInde
93%
Celui ayant intégré le Tibet à son territoireChine
92%
Celui ayant le plus grand âge moyenChine
81%
Celui étant le plus peupléChine
81%
Celui ayant la plus grande villeChine
68%
Celui étant le plus polluéInde
54%
Celui étant le plus proche de l'AustralieChine
26%
Celui étant le plus vieuxInde
20%

Distribution des résultats

Percentile par nombre de réponses

% des personnes avec chaque résultat

Votre développement - résultats

Vous n’avez pas pris ce quiz